THE NFL receiving yards leaders top 10 - Statistics

General Stats
  • This quiz has been taken 11 times
  • The average score is 4 of 10
Answer Stats
Answer % Correct
jerry rice
100%
randy moss
63%
tim brown
50%
marvin harrison
38%
isaac bruce
25%
reggie wayne
25%
tony gonzalez
25%
Larry fitsgearald
13%
steve smith jr
13%
terral owens
13%
No matching quizzes found
Score Distribution
Percent of People with Each Score
Percentile by Number Answered
Your Score History
You have not taken this quiz